| 000 | 00000nam##2200000za#4500 |
| 001 | 9.631452 |
| 003 | CaOODSP |
| 005 | 20210624214332 |
| 007 | cr ||||||||||| |
| 008 | 150407|2004||||xxc|||||o f|0| 0 fre|d |
| 020 | |a0-662-76772-1 |
| 040 | |aCaOODSP|bfre |
| 043 | |an-cn--- |
| 086 | 1 |aCi51-169/2004F-PDF |
| 110 | 1 |aCanada. |bCitoyenneté et immigration Canada. |
| 245 | 10|aManuel du médecin désigné / |h[ressource électronique]|c[par] Direction générale des services médicaux. |
| 260 | |aOttawa - Ontario : |bCitoyenneté et Immigration Canada |c2003. |
| 300 | |a78p.|bglossaire |
| 590 | |a12-01-Supp|b2012-01-13 |
| 775 | 08|tDesignated medical practitioner handbook / |w(CaOODSP)9.686990 |
| 856 | 40|ahttp://publications.gc.ca|qPDF|s330 Ko|uhttps://publications.gc.ca/collections/collection_2011/cic/Ci51-169-2004-fra.pdf |